00942nac a22002777a 4500001001000000003000900010005001700019008003400036040005400070072000800124100002100132100002000153100002000173100001700193100002400210100001300234100001400247110004800261245009600309246007600405260003600481300001000517490007700527500004100604650001900645BR8601184BR-BrBNA20240105120405.0230509b bl.|||m| |||| 00| 0 por d aBR-BrBNAbporcBiblioteca Nacional de Agricultura aN201 aMenezez, J.F. de1 aMaziero, J.V.G.1 aYamashita, R.Y.1 aCorrea, I.M.1 aPassarella Neto, A.1 aFenz, E.1 aMilan, M.1 aInstituto Agronomico, Campinas, SP (Brasil)1 aAvaliacao de caracteristicas de visibilidade apresentadas por um grupo de tratores de rodas1 aEvaluation of visibility characteristics of a group of wheeled tractors3 aCampinas, SP (Brasil): c1985.  a17 p. aBoletim Tecnico - Instituto Agronomico (Brazil)vno. 101xISSN 0100-3100 a7 illus.; 6 ref.; Summaries (En, Pt) aTRATOR DE RODA